| 000 | 00880nam a2200289 a 4500 | ||
|---|---|---|---|
| 001 | 000029168 | ||
| 003 | OSt | ||
| 005 | 20201211095645.0 | ||
| 008 | 110414s1986 dr c 000 0 spa d | ||
| 040 |
_aDO-SdBNP _bspa _cBNPHU |
||
| 049 | _aBNPD | ||
| 082 | _bU54s | ||
| 245 | 0 | 0 |
_aEn una sola torre / _cManuel Joglar Cacho... [et. al.]. |
| 260 |
_aSanto Domingo : _bCorripio, _c1986. |
||
| 300 |
_a192 p. : _bil., retr. ; _c24 cm. |
||
| 590 | _aInventariado, 2020 /LP | ||
| 700 | 1 |
_aJoglar Cacho, Manuel _956080 |
|
| 700 | 1 |
_aVicéns, Nimia _956081 |
|
| 700 | 1 |
_aLópez Suria, Violeta _956082 |
|
| 700 | 1 |
_aArrillaga, María _97106 |
|
| 700 | 1 |
_aRamírez Córdova, Antonio _956083 |
|
| 700 | 1 |
_aRodríguez Nietzsche, Vicente _956084 |
|
| 700 | 1 |
_aCastro Río, Andrés _956085 |
|
| 700 | 1 |
_aSantaliz, Coqui _924820 |
|
| 700 | 1 |
_aCobián, Ricardo _956086 |
|
| 942 |
_2ddc _cLBS1 |
||
| 999 |
_c28660 _d28660 |
||